Applied Biochemistry (Record no. 166977)
[ view plain ]
| 000 -LEADER | |
|---|---|
| fixed length control field | 00421nam a22001697a 4500 |
| 005 - DATE AND TIME OF LATEST TRANSACTION | |
| control field | 20230707123107.0 |
| 008 - FIXED-LENGTH DATA ELEMENTS--GENERAL INFORMATION | |
| fixed length control field | 230703b |||||||| |||| 00| 0 eng d |
| 020 ## - INTERNATIONAL STANDARD BOOK NUMBER | |
| International Standard Book Number | 978-93-5451-859-1 |
| 082 ## - DEWEY DECIMAL CLASSIFICATION NUMBER | |
| Classification number | B/612.015/DAS/DB1117 |
| 100 ## - MAIN ENTRY--PERSONAL NAME | |
| Author | Das Kuntal |
| 245 ## - TITLE STATEMENT | |
| Title | Applied Biochemistry |
| 260 ## - PUBLICATION, DISTRIBUTION, ETC. | |
| Name of publisher, distributor, etc. | Nirali Prakshan |
| Date of publication, distribution, etc. | 2023 |
| Place of publication, distribution, etc. | Pune |
| 300 ## - PHYSICAL DESCRIPTION | |
| Extent | 199p |
| 365 ## - TRADE PRICE | |
| Price amount | 275.00 |
| 942 ## - ADDED ENTRY ELEMENTS (KOHA) | |
| Koha item type | Donated Book |
| Withdrawn status | Lost status | Source of classification or shelving scheme | Damaged status | Not for loan | Home library | Current library | Date acquired | Net Price | Bill number | Total Checkouts | Total Renewals | Full call number | Barcode | Date last seen | Date last checked out | Bill Date | Koha item type | Original Barcode |
|---|---|---|---|---|---|---|---|---|---|---|---|---|---|---|---|---|---|---|
| Dewey Decimal Classification | Smt. Bakul Tambat Institute of Nursing Education | Smt. Bakul Tambat Institute of Nursing Education | 03/07/2023 | 275.00 | 64 | 5 | 6 | B 612.015 DAS DB1117 | BTIN-DB-1117 | 19/01/2024 | 03/01/2024 | 26/06/2023 | Donated Book | DB1117 |